Subsidios en la concesión de obra pública, la aplicación del principio de la realidad económica y la inmunidad de los instrumentos de gobierno (Registro nro. 34795)

Detalles MARC
000 -LEADER
fixed length control field 00418 a2200109 4500
001 - CONTROL NUMBER
control field ART_45181
005 - DATE AND TIME OF LATEST TRANSACTION
control field 20260410162040.0
008 - FIXED-LENGTH DATA ELEMENTS--GENERAL INFORMATION
fixed length control field 260409a
100 1# - MAIN ENTRY--PERSONAL NAME
Personal name Spisso, Rodolfo Roque
245 10 - TITLE STATEMENT
Title Subsidios en la concesión de obra pública, la aplicación del principio de la realidad económica y la inmunidad de los instrumentos de gobierno
773 0# - HOST ITEM ENTRY
Title Impuestos
Related parts - N° 19 (ene. 2018)
Record control number REV45175

No hay ítems disponibles.